• 首页
  • 本馆介绍
  • 公告通知
  • 最新文献
  • 馆藏检索
  • 电子资源
  • 读者导购
  • 参考咨询
  • 我的图书馆
  • 登录
  • 详细信息显示
  • 放入我的书架
  • 预约/预借图书
  • 作者相关作品
  • 分类相关作品
  • 丛书相关作品
  • 出版社相关作品

书目信息

  • 表格格式
  • 工作单格式
  • 卡片格式
题名:
追踪怪鱼十四年
    
 
作者: 侍茂崇 , 毛福平 著
分册:  
出版信息: 北京   海洋出版社  1984
页数: 114页
开本: 19cm
丛书名:
单 册:
中图分类: I287.55 , I287.52
科图分类:
主题词: 儿童文学-科学故事--中国--现代 , 科学故事-儿童文学--中国--现代 , 儿童文学--中国 , 儿童文学--中国--丛书
电子资源:
ISBN:
000 00836nam0 2200301 45
001 0184004093
005 20040409085546.7
010    @dCNY0.40
091    @a10193.0415
100    @a19950523d1984 cemy0chiy0121 ea
101 0  @achi
102    @aCN@b110000
105    @ay z 000fy
106    @ar
200 10 @a追踪怪鱼十四年@Azhui zong guai yu shi si nian@f侍茂崇,毛福平著
210    @a北京@c海洋出版社@d1984
215    @a114页@d19cm
606    @a儿童文学-科学故事@y中国@z现代
606    @a科学故事-儿童文学@y中国@z现代
606 0  @a儿童文学@x中国
606 0  @a儿童文学@x中国@x丛书
690    @aI287.55@v3
690    @aI287.52
701  0 @a侍茂崇@Ashi mao chong@4著
701  0 @a毛福平@Amao fu ping@4著
801  0 @aCN@b上海图书馆@c20040409
801  2 @aCN@bNLC@c20040409
905    @f2@b142283-284@dI287.52@e137
    
    追踪怪鱼十四年/侍茂崇,毛福平著.-北京:海洋出版社,1984
    114页;19cm
    
    
    ISBN :CNY0.40
    
●
相关链接 在E读中查询图书 在五车中查询图书 在当当中查询图书 在豆瓣中查询图书


正题名:追踪怪鱼十四年     索取号:I287.52/137         预约/预借

序号 登录号 条形码 馆藏地/架位号 状态 备注
1 0142283   000894508   密集书库/ [索取号:I287.52/137] 在馆    
2 0142284   000894562   第二借阅区/ [索取号:I287.52/137] 在馆    
3 0142285   000894492   第一样本阅览室/ [索取号:I287.52/137] 在馆    
唐山师范学院图书馆 欢迎您!
大连网信软件有限公司© 版权所有